| 000 | 00570cam a2200181 4500 | ||
|---|---|---|---|
| 001 | D10440 | ||
| 008 | 090401t xxu||||| |||| 00| 0 eng d | ||
| 035 | _a(Sirsi) u95028 | ||
| 041 | _aeng | ||
| 050 | _a526.990285 | ||
| 100 | _aCook, P.L. | ||
| 245 | _aNew approaches to the integration of hydro-acoustic positioning with SatNav. Proceedings of Oceanology International 84 Conference, Brighton, March 1984 | ||
| 350 | _a0 | ||
| 520 | _aIn RICS Land surveyors information package 11: acoustic positioning | ||
| 700 | _aNew, R.J. | ||
| 942 | _n0 | ||
| 948 | _c04/03/1997 | ||
| 999 |
_c98263 _d98263 |
||